| 000 | 00576nam a2200217Ia 4500 | ||
|---|---|---|---|
| 005 | 20250508150758.0 | ||
| 008 | 008 250505s9999 xx 000 0 eng d | ||
| 037 | _aTextual | ||
| 040 |
_aFEDL _beng _cFEDL |
||
| 041 |
_aeng _2eng |
||
| 084 |
_a152, BOR _qFEDL |
||
| 100 | _aBoring Edwin G | ||
| 245 | 0 | _aPhysical dimensions of consciousness | |
| 260 |
_aNew York, USA _bCentury Co. _c1933 |
||
| 300 | _axii,251p. | ||
| 365 |
_aINR _b15 |
||
| 490 | _aCentury psychology | ||
| 650 | _aPerception | ||
| 942 |
_cTEXL _h152, BOR |
||
| 999 |
_c1325617 _d1325617 |
||